[Event "AUTO-ADV-1514"]
[Site "http://www.queenalice.com/game.php?id=670734"]
[Date "2009.10.22"]
[Round "1"]
[White "avinashroyal"]
[Black "rob0330"]
[Result "0-1"]
[WhiteElo "1827"]
[BlackElo "1716"]

1. e4 e5 2. d4 exd4 3. Qxd4 Nc6 4. Qd1 Bc5 5. Nc3 Qf6 6. f3 Bxg1 7. Rxg1 Nge7 8.
Bd2 O-O 9. Qe2 Nd4 10. Qd1 d6 11. h3 Be6 12. Nb5 Nxb5 13. Bxb5 c6 14. Bd3 Qxb2
15. Rb1 Qxa2 16. Rxb7 Ng6 17. Kf2 Bc4 18. Bxc4 Qxc4 19. Re1 Qd4+ 20. Be3 Qxd1
21. Rxd1 Rfd8 22. Rc7 Ne5 23. Bxa7 Rac8 24. Rxd6 h6 25. Bd4 Nc4 26. Rxd8+ Rxd8
27. Bc3 Rd6 28. e5 Re6 29. f4 Nb6 30. f5 Re8 31. Rxc6 Nd5 32. Bd4 Ne7 0-1

[Event "AUTO-ADV-1527"]
[Site "http://www.queenalice.com/game.php?id=676662"]
[Date "2009.11.2"]
[Round "1"]
[White "rob0330"]
[Black "Rookymoves"]
[Result "0-1"]
[WhiteElo "1711"]
[BlackElo "1993"]

1. b3 Nf6 2. Bb2 g6 3. e4 Bg7 4. Bd3 d6 5. Ne2 O-O 6. O-O c5 7. f4 Nc6 8. f5 e6
9. fxe6 Bxe6 10. Nbc3 Nb4 11. Nf4 Nxd3 12. Nxe6 fxe6 13. cxd3 Nd7 14. Rxf8+ Qxf8
15. Qg4 Qe7 16. Rb1 Rf8 17. Ne2 Bxb2 18. Rxb2 Qf6 19. h3 Ne5 20. Qg3 Qf1+ 0-1

[Event "AUTO-ADV-1527"]
[Site "http://www.queenalice.com/game.php?id=676663"]
[Date "2009.11.2"]
[Round "1"]
[White "Rookymoves"]
[Black "rob0330"]
[Result "0-1"]
[WhiteElo "1946"]
[BlackElo "1727"]

1. e4 e6 2. d4 d5 3. exd5 exd5 4. Bd3 Nf6 5. Bg5 Be7 6. Nf3 O-O 7. O-O Nc6 8. c3
Bg4 9. Nbd2 h6 10. Bf4 Bd6 11. Bxd6 Qxd6 12. Qc2 Rfe8 13. h3 Bxf3 14. Nxf3 a6
15. Rfe1 Rxe1+ 16. Rxe1 b5 17. b4 Ne7 18. a4 c6 19. axb5 axb5 0-1

[Event "AUTO-ADV-1527"]
[Site "http://www.queenalice.com/game.php?id=676664"]
[Date "2009.11.2"]
[Round "1"]
[White "rob0330"]
[Black "archangel"]
[Result "0-1"]
[WhiteElo "1727"]
[BlackElo "1717"]

1. c4 Nf6 2. Nc3 e6 3. Nf3 Bb4 4. g3 Nc6 5. Bg2 d6 6. O-O e5 7. Nd5 Be6 8. Nxb4
Nxb4 9. a3 Nc6 10. d3 Qd7 11. Bg5 Ng4 12. h3 Nh6 13. Bxh6 gxh6 14. d4 Bxh3 15.
Bxh3 Qxh3 16. dxe5 dxe5 17. Qd5 Rd8 18. Qb5 e4 19. Ne5 Qe6 20. Nxc6 bxc6 21. Qa5
Qxc4 22. Qe5+ Kd7 23. Rad1+ Kc8 24. Qf5+ Kb8 25. Rxd8+ Rxd8 26. Qxh7 Qxe2 27.
Qxh6 Qxb2 28. Qxc6 Qxa3 29. Rb1+ Kc8 30. Qa8+ Kd7 31. Rd1+ Qd3 32. Rxd3+ exd3
33. Qd5+ Ke8 34. Qc6+ Ke7 35. Qxc7+ Rd7 36. Qc5+ Kd8 37. Qc1 d2 38. Qd1 a5 39.
Kf1 a4 40. Ke2 a3 0-1

[Event "AUTO-ADV-1527"]
[Site "http://www.queenalice.com/game.php?id=676665"]
[Date "2009.11.2"]
[Round "1"]
[White "archangel"]
[Black "rob0330"]
[Result "1-0"]
[WhiteElo "1673"]
[BlackElo "1776"]

1. d4 Nf6 2. Bg5 Ne4 3. Nf3 Nxg5 4. Nxg5 e5 5. Nf3 e4 6. Ne5 d6 7. Nc4 d5 8.
Ncd2 c5 9. c3 cxd4 10. cxd4 Nc6 11. e3 Bb4 12. Bb5 Bd7 13. a3 Bxd2+ 14. Nxd2 O-O
15. Qb3 a6 16. Be2 Be6 17. Qxb7 Qd6 18. Qb3 Rab8 19. Qc2 f5 20. Bxa6 f4 21.
O-O-O Rb6 22. Be2 fxe3 23. fxe3 Rf2 24. Bf1 Na5 25. Qa4 Rc6+ 26. Kb1 Nc4 27.
Bxc4 Rxc4 28. Nxc4 dxc4 29. Rdf1 Rxg2 30. Qe8+ 1-0

[Event "AUTO-ADV-1527"]
[Site "http://www.queenalice.com/game.php?id=676666"]
[Date "2009.11.2"]
[Round "1"]
[White "rob0330"]
[Black "falekhine"]
[Result "0-1"]
[WhiteElo "1756"]
[BlackElo "1982"]

1. Nf3 b6 2. g3 Bb7 3. Bg2 Nf6 4. O-O e6 5. d3 c5 6. Nc3 d5 7. Bg5 Be7 8. e4
dxe4 9. Nxe4 Nxe4 10. Bxe7 Qxe7 11. dxe4 Bxe4 12. c3 Nd7 13. Qa4 Bxf3 14. Bxf3
Rd8 15. Rad1 O-O 16. Qxa7 Qf6 17. Bc6 Ne5 18. Qxb6 Rc8 19. Bg2 h5 20. b3 h4 21.
c4 g5 22. Qa5 g4 23. Qc3 Nf3+ 0-1

[Event "AUTO-ADV-1527"]
[Site "http://www.queenalice.com/game.php?id=676667"]
[Date "2009.11.2"]
[Round "1"]
[White "falekhine"]
[Black "rob0330"]
[Result "1-0"]
[WhiteElo "1878"]
[BlackElo "1768"]

1. d4 Nf6 2. c4 c5 3. d5 e6 4. Bg5 Be7 5. Nc3 O-O 6. d6 Bxd6 7. Qxd6 b6 8. f3
Nc6 9. e3 Nb4 10. Rc1 Bb7 11. a3 1-0

[Event "Challenge"]
[Site "http://www.queenalice.com/game.php?id=684237"]
[Date "2009.11.16"]
[Round "-"]
[White "Nefelibatas"]
[Black "rob0330"]
[Result "0-1"]
[WhiteElo "1474"]
[BlackElo "1736"]

1. e4 e5 2. Nf3 Nc6 3. d4 exd4 4. Nxd4 Nxd4 5. Qxd4 d6 6. Nc3 Be6 7. Be2 Ne7 8.
Be3 Qd7 9. Qb4 O-O-O 10. Bf3 Nc6 0-1

[Event "AUTO-ADV-1548"]
[Site "http://www.queenalice.com/game.php?id=686757"]
[Date "2009.11.21"]
[Round "1"]
[White "pacou93"]
[Black "rob0330"]
[Result "1-0"]
[WhiteElo "1855"]
[BlackElo "1727"]

1. e4 e6 2. Qe2 c5 3. g3 Nc6 4. Bg2 Nge7 5. Nf3 g6 6. O-O Bg7 7. Nc3 O-O 8. d3
Bxc3 9. bxc3 d5 10. e5 b6 11. d4 cxd4 12. cxd4 Nf5 13. c3 Qc7 14. Bf4 a6 15. a4
Na5 16. Rfb1 Qxc3 17. Bd2 Qc6 18. Bxa5 bxa5 19. Rc1 Qd7 20. Rc2 1-0

[Event "AUTO-ADV-1548"]
[Site "http://www.queenalice.com/game.php?id=686758"]
[Date "2009.11.21"]
[Round "1"]
[White "rob0330"]
[Black "pacou93"]
[Result "1-0"]
[WhiteElo "1706"]
[BlackElo "1837"]

1. b3 d5 2. Bb2 Nf6 3. e3 c5 4. Nf3 e6 5. c4 Be7 6. cxd5 exd5 7. Bb5+ Bd7 8.
Bxd7+ Nbxd7 9. O-O O-O 10. d3 Qc7 11. Nbd2 Rfe8 12. Re1 Bd6 13. Bxf6 Nxf6 14. e4
dxe4 15. dxe4 b5 16. Rc1 Nxe4 17. Nxe4 1-0

[Event "AUTO-ADV-1548"]
[Site "http://www.queenalice.com/game.php?id=686773"]
[Date "2009.11.21"]
[Round "1"]
[White "Matuto_do_Vale"]
[Black "rob0330"]
[Result "0-1"]
[WhiteElo "1483"]
[BlackElo "1701"]

1. b3 Nf6 2. Bb2 g6 3. g3 Bg7 4. d3 O-O 5. Bg2 d5 6. e3 Nc6 7. Nd2 e5 8. h3 Re8
9. Ne2 a6 10. O-O Qd7 11. c4 dxc4 12. Nxc4 Nb4 13. Nxe5 Qd6 14. f4 c5 15. a3 Nc6
16. Bxc6 bxc6 17. Rc1 Bxh3 18. Rf2 Ng4 19. Nxg4 Bxg4 20. Bxg7 Kxg7 21. Qd2 Bxe2
22. Qxe2 Qe6 23. g4 Qxe3 24. Qxe3 Rxe3 25. Rxc5 Rxd3 26. Rxc6 Rxb3 0-1

[Event "AUTO-ADV-1548"]
[Site "http://www.queenalice.com/game.php?id=686774"]
[Date "2009.11.21"]
[Round "1"]
[White "rob0330"]
[Black "Matuto_do_Vale"]
[Result "1-0"]
[WhiteElo "1693"]
[BlackElo "1491"]

1. Nc3 g6 2. Nf3 Bg7 3. d4 d6 4. e4 Bg4 5. Be2 Bxf3 6. Bxf3 e6 7. O-O Nc6 8. Ne2
Nge7 9. c3 O-O 10. d5 exd5 11. exd5 Ne5 12. Nd4 c5 13. Ne2 Nxf3+ 14. gxf3 f5 15.
Nf4 Rf6 16. Ne6 Qb6 17. Bg5 Rf7 18. Nxg7 Kxg7 19. Bxe7 Rxe7 20. b3 Rae8 21. a3
a5 22. Rb1 Qc7 23. c4 Qd7 24. a4 1-0

[Event "AUTO-ADV-1548"]
[Site "http://www.queenalice.com/game.php?id=686783"]
[Date "2009.11.21"]
[Round "1"]
[White "tewald"]
[Black "rob0330"]
[Result "1-0"]
[WhiteElo "1890"]
[BlackElo "1751"]

1. e4 e5 2. Nf3 Nc6 3. d4 exd4 4. Nxd4 Bc5 5. Be3 Qf6 6. c3 Nge7 7. Qd2 O-O 8.
Be2 Nxd4 9. Bxd4 Bxd4 10. cxd4 Nc6 11. e5 Qe7 12. O-O d6 13. f4 a6 14. Nc3 Be6
15. d5 1-0

[Event "AUTO-ADV-1548"]
[Site "http://www.queenalice.com/game.php?id=686784"]
[Date "2009.11.21"]
[Round "1"]
[White "rob0330"]
[Black "tewald"]
[Result "0-1"]
[WhiteElo "1722"]
[BlackElo "1975"]

1. Nf3 Nf6 2. g3 g6 3. Bg2 Bg7 4. O-O O-O 5. d3 d5 6. Nc3 Nc6 7. Re1 e5 8. e4 d4
9. Ne2 a5 10. a3 b5 11. Bg5 h6 12. Bxf6 Bxf6 13. c3 Rb8 14. b4 dxc3 15. Nxc3
axb4 16. axb4 Nxb4 17. Rb1 Nxd3 18. Rxb5 Rxb5 19. Nxb5 Nxe1 20. Qxe1 Qd7 21. Nc3
c6 22. Nd2 Rd8 23. Nc4 Qd3 24. Bf1 Qc2 25. Qe3 Kg7 26. Na3 Qb3 27. Nc4 Rd4 28.
Nd2 Qc2 29. Nf3 Rb4 30. Ne1 Qb3 31. Nd1 Qxd1 0-1

[Event "AUTO-ADV-1353"]
[Site "http://www.queenalice.com/game.php?id=690274"]
[Date "2009.11.29"]
[Round "2"]
[White "thw"]
[Black "rob0330"]
[Result "1-0"]
[WhiteElo "1958"]
[BlackElo "1741"]

1. e4 e6 2. d4 d5 3. Nc3 Bb4 4. e5 c5 5. a3 Bxc3+ 6. bxc3 Ne7 7. Nf3 O-O 8. Be3
Nf5 9. Qd2 Nxe3 10. Qxe3 cxd4 11. cxd4 Qa5+ 12. c3 b5 13. Be2 Nc6 14. O-O a6 15.
Rfc1 f6 16. exf6 Rxf6 17. Ne5 Nxe5 18. dxe5 Rf7 19. h3 Bb7 20. Qc5 Rc8 21. Qd4
Rfc7 22. Bg4 Rc6 23. a4 Rc4 24. Bxe6+ Kh8 25. axb5 Qxb5 26. Qd3 Re8 27. Rab1 Qc6
28. Bg4 Rxe5 29. Bf3 h6 30. Rb3 Qd7 31. Rd1 a5 32. Qxc4 Re1+ 33. Rxe1 dxc4 34.
Rxb7 1-0

[Event "AUTO-ADV-1353"]
[Site "http://www.queenalice.com/game.php?id=690275"]
[Date "2009.11.29"]
[Round "2"]
[White "rob0330"]
[Black "thw"]
[Result "0-1"]
[WhiteElo "1732"]
[BlackElo "1943"]

1. c4 e5 2. Nc3 Nf6 3. g3 c6 4. Bg2 d5 5. cxd5 cxd5 6. e4 d4 7. Nce2 Nc6 8. Nf3
Bd6 9. Ng5 h6 10. Nh3 Bg4 11. Qb3 Qd7 12. Nhg1 O-O 13. Nf3 Nxe4 14. O-O Nc5 15.
Qc2 Nb4 16. Qc4 Nc6 17. b4 Ne6 18. b5 Ne7 19. h3 Bh5 20. d3 Rfc8 21. Qb3 Nc5 22.
Qb1 Bxf3 23. Bxf3 Qxh3 24. Ba3 b6 25. Bxa8 Rxa8 26. Bxc5 Bxc5 27. Qb3 Qg4 28.
Rae1 a6 29. a4 a5 30. f3 Qh3 31. Rf2 Qf5 32. g4 Qg6 33. Ng3 Rd8 34. Rxe5 Bd6 35.
Rxe7 Bxe7 36. Nh5 Rc8 37. Nf4 Qg5 38. Ne6 Rc1+ 39. Kg2 Qh4 40. Nxd4 Qh1+ 41. Kg3
Bh4+ 0-1

[Event "AUTO-ADV-1353"]
[Site "http://www.queenalice.com/game.php?id=690276"]
[Date "2009.11.29"]
[Round "2"]
[White "MarcosT"]
[Black "rob0330"]
[Result "1-0"]
[WhiteElo "1828"]
[BlackElo "1704"]

1. e4 e5 2. Nc3 Nf6 3. Bc4 Bc5 4. d3 d6 5. Bg5 h6 6. Bxf6 Qxf6 7. Nf3 O-O 8. Nd5
Qd8 9. a3 Bg4 10. h3 Bxf3 11. Qxf3 Nc6 12. O-O-O Nd4 13. Qh5 b5 14. Ba2 c6 15.
Ne3 Ne6 16. Rde1 Nf4 17. Qg4 d5 18. Nf5 Qg5 19. Qxg5 hxg5 20. g3 Ne6 21. exd5
cxd5 22. Bxd5 Rad8 23. Ba2 Bxf2 24. Rxe5 a6 25. Rf1 Bd4 26. Nxd4 Rxd4 27. Bxe6
fxe6 28. Rxf8+ Kxf8 29. Rxe6 1-0

[Event "AUTO-ADV-1353"]
[Site "http://www.queenalice.com/game.php?id=690277"]
[Date "2009.11.29"]
[Round "2"]
[White "rob0330"]
[Black "MarcosT"]
[Result "0-1"]
[WhiteElo "1716"]
[BlackElo "1807"]

1. b3 Nf6 2. Bb2 g6 3. e4 d6 4. g3 Bg7 5. Bg2 O-O 6. Ne2 e5 7. O-O Re8 8. d3 Nc6
9. Nd2 b6 10. a3 Bb7 11. b4 a6 12. d4 exd4 13. Nxd4 Nxd4 14. Bxd4 Nxe4 15. Bxg7
Kxg7 16. Nxe4 Bxe4 17. Qd4+ Qf6 18. Qxf6+ Kxf6 19. Bxe4 Rxe4 20. f3 Rc4 21. Ra2
Re8 22. Rd1 Re2 23. Rc1 c5 24. bxc5 bxc5 25. Kf1 Rxh2 26. Ke1 Rh1+ 27. Kd2 Rd4+
0-1

[Event "AUTO-OPEN-1640"]
[Site "http://www.queenalice.com/game.php?id=697463"]
[Date "2009.12.13"]
[Round "2"]
[White "chessman"]
[Black "rob0330"]
[Result "1-0"]
[WhiteElo "2066"]
[BlackElo "1718"]

1. e4 e6 2. d4 d5 3. e5 c5 4. c3 Qb6 5. f4 cxd4 6. cxd4 Bb4+ 7. Nc3 Ne7 8. Nf3
Bxc3+ 9. bxc3 O-O 10. Bd3 Nd7 11. Bxh7+ Kxh7 12. Ng5+ Kh6 13. f5 Nxf5 14. Nxe6+
Kh7 15. Nxf8+ Nxf8 16. O-O Bd7 17. Qh5+ Nh6 18. Bxh6 Qxh6 19. Qxh6+ Kxh6 20.
Rxf7 Rc8 21. Raf1 1-0

[Event "AUTO-OPEN-1640"]
[Site "http://www.queenalice.com/game.php?id=697464"]
[Date "2009.12.13"]
[Round "2"]
[White "rob0330"]
[Black "chessman"]
[Result "0-1"]
[WhiteElo "1708"]
[BlackElo "2082"]

1. b3 e5 2. Bb2 d5 3. Bxe5 Nf6 4. Bxf6 Qxf6 5. d4 Bd6 6. Nc3 c6 7. e4 Bb4 8. Qd3
O-O 9. f3 Re8 10. O-O-O Qg5+ 11. Kb2 Bxc3+ 12. Qxc3 dxe4 13. fxe4 Rxe4 14. g3
Re8 15. Bd3 Bf5 16. Bxf5 Qxf5 17. Nf3 Nd7 18. Rhf1 Qd5 19. Rde1 Nf6 20. Rxe8+
Rxe8 21. Nd2 Re2 22. Nf3 Ng4 23. Re1 Rxe1 24. Nxe1 Nxh2 25. Qd2 c5 26. Qf4 Qxd4+
0-1

[Event "AUTO-OPEN-1640"]
[Site "http://www.queenalice.com/game.php?id=697469"]
[Date "2009.12.13"]
[Round "2"]
[White "rob0330"]
[Black "danbots5k"]
[Result "0-1"]
[WhiteElo "1724"]
[BlackElo "2300"]

1. Nf3 Nf6 2. g3 g6 3. Bg2 Bg7 4. O-O O-O 5. d3 d5 6. Nbd2 Nbd7 7. Re1 e5 8. Nb3
c6 9. e4 Re8 10. exd5 Nxd5 11. c4 Nc7 12. Bg5 f6 13. Bd2 Ne6 14. d4 exd4 15.
Nbxd4 Nb6 16. Ba5 Nxd4 17. Nxd4 Rxe1+ 18. Qxe1 Bf8 19. Ne6 Qe7 20. Nxf8 Qxf8 21.
Bxb6 axb6 22. a3 Bf5 23. h3 Re8 24. Qc3 Qd6 25. Re1 Rxe1+ 26. Qxe1 Be6 27. Qc3
Kf7 28. Qf3 Bxc4 29. h4 Qe5 30. b3 Qe1+ 31. Kh2 Bd5 32. Qd3 Qxf2 0-1

[Event "AUTO-OPEN-1640"]
[Site "http://www.queenalice.com/game.php?id=697470"]
[Date "2009.12.13"]
[Round "2"]
[White "danbots5k"]
[Black "rob0330"]
[Result "1-0"]
[WhiteElo "2297"]
[BlackElo "1718"]

1. Nf3 d5 2. g3 Nf6 3. Bg2 g6 4. O-O Bg7 5. d4 O-O 6. c4 c6 7. Na3 a6 8. Ne5
Nbd7 9. Bd2 Nxe5 10. dxe5 Ng4 11. cxd5 Nxe5 12. Bc3 e6 13. d6 Bd7 14. Rc1 b5 15.
f4 Ng4 16. Bxg7 Kxg7 17. Qd4+ Qf6 18. Qxf6+ Nxf6 19. e4 Rfd8 20. Bf3 Be8 21.
Rfd1 Rac8 22. b4 h5 23. Nb1 Kh6 24. h3 Nd7 25. e5 Nb6 26. Nd2 f6 27. Ne4 fxe5
28. fxe5 Nd5 29. a3 Ne3 30. Rd4 Nf5 31. Rd3 Bd7 32. Bg2 Ra8 33. Nc5 a5 34. bxa5
Rxa5 35. Nb7 Rda8 36. Nxa5 Rxa5 37. Bxc6 Bxc6 38. Rxc6 1-0

[Event "Challenge"]
[Site "http://www.queenalice.com/game.php?id=703649"]
[Date "2009.12.26"]
[Round "-"]
[White "rob0330"]
[Black "thedead"]
[Result "1-0"]
[WhiteElo "1716"]
[BlackElo "1238"]

1. b3 d5 2. Bb2 e6 3. Nf3 Nf6 4. e3 Be7 5. Bd3 h6 6. O-O c5 7. Nc3 Nc6 8. Bb5
O-O 9. d4 Bd7 10. Re1 cxd4 11. exd4 a6 12. Bxc6 bxc6 13. Ne5 Qc7 14. Nxd7 Qxd7
15. f3 c5 16. dxc5 Bxc5+ 17. Kh1 Bb4 18. a3 Bd6 19. Na4 1-0

[Event "Challenge"]
[Site "http://www.queenalice.com/game.php?id=709312"]
[Date "2010.1.6"]
[Round "-"]
[White "rdaigle2003"]
[Black "rob0330"]
[Result "0-1"]
[WhiteElo "1737"]
[BlackElo "1716"]

1. e4 e5 2. Nf3 Nc6 3. Bb5 Bc5 4. d3 f5 5. exf5 d6 6. g4 Nf6 7. h3 Bd7 8. Bg5
O-O 9. Nbd2 Nd4 10. Bxd7 Qxd7 11. Nxd4 Bxd4 12. c3 Bb6 13. Qb3+ d5 14. O-O-O c5
15. c4 Rad8 16. cxd5 Qxd5 17. Qxd5+ Rxd5 18. Nb3 Nd7 19. Rhe1 h6 20. Bh4 Bd8 21.
Bg3 b6 22. f4 exf4 23. Bxf4 b5 24. Bd6 Rxd6 25. Re4 Nf6 26. Re5 c4 27. Nc5 cxd3
28. Nxd3 Bc7 29. Rxb5 Rb8 30. Rc5 Rc8 31. Kc2 Nd5 32. Re1 Rdd8 33. a3 Bb6 34.
Rxc8 Rxc8+ 35. Kb1 Ne3 36. Re2 Rd8 37. Ne5 Rd1+ 38. Ka2 Bd4 39. Nf3 Bb6 0-1